000 00701nam a22002417a 4500
003 UA-OsUOA
001 46390
007 ta
008 20070614b un ||||| |||| 00| 0 ukr d
100 _aБагнюк А.
090 _a94(477).02
_bБ14
942 _cBK
040 _aUA-OsUOA
_bukr
_cUA-OsUOA
_dUA-OsUOA
245 _aУкраїнська думка. Імена та ідеї
_b(світоглядні портрети)
300 _a204 с.
955 _a2
041 _aukr
080 _a94(477).02
020 _a978-308-173-1
260 _aТернопіль
_bВид-во Астон
_c2007
650 7 _a9 Географія. Біографії. Історія
_2UDC
999 _c332484
_d332484